| 000 | 00822nem a2200241 i 4500 | ||
|---|---|---|---|
| 001 | bg | ||
| 100 | 1 | _aKACPRZAK, Leszek | |
| 245 | 0 | 0 |
_aMapa geologiczno-gospodarcza Polski : _b46 Sianów / _coprac. L. Kacprzak, D. Janica, A. Tułodziecka-Duda ; Państwowy Instytut Geologiczny. |
| 255 | _a1:50 000 | ||
| 260 |
_aWarszawa : _bMŚ : _bPIG, _c2003. |
||
| 651 | 9 |
_aPolska _xgeologia |
|
| 651 | 9 |
_aPolska _xgospodarka |
|
| 655 | _aMapy | ||
| 700 | 1 | _aJANICA, Dorota | |
| 700 | 1 | _aTUŁODZIECKA-DUDA, Agnieszka | |
| 710 | 0 | _aPaństwowy Instytut Geologiczny | |
| 040 | _cBPK | ||
| 041 | 0 | _apol | |
| 080 | _a912:33+55](438) | ||
| 942 | _cMP | ||
| 008 | s pl f |000 0 pol | ||
| 999 |
_c35242 _d35242 |
||
| 856 |
_uhttp://koha.tu.koszalin.pl/cgi-bin/koha/opac-detail.pl?biblionumber=35242 _yKatalog online BPK |
||